| 000 | 00828nam a2200241 i 4500 | ||
|---|---|---|---|
| 001 | 92521 | ||
| 003 | ES-MaACL | ||
| 005 | 20260213161538.0 | ||
| 007 | t| | ||
| 008 | 050310s1982 sp |||| |bspa d | ||
| 080 | _a929:297.14 Al-'Alawi, Ahmad | ||
| 100 | 1 |
_aLings, Martín. _972440 |
|
| 245 | 1 | 3 |
_aUn santo sufí del siglo XX _b: el Sayj Ahmad Al-'Alawi : su herencia y su legado espirituales / _cMartin Lings ; versión de Esteve Serra. |
| 260 |
_a[Madrid] : _bTaurus, _c[1982] |
||
| 300 |
_a236 p. ; _c21 cm. |
||
| 490 | 1 | _aBiblioteca de estudios tradicionales | |
| 600 | 1 | 7 |
_aAl-'Alawi, Ahmad, _d1869-1934 _2 _9157449 |
| 650 | 4 |
_aSufismo. _917256 |
|
| 700 | 1 |
_aSerra Arús, Esteve _9160366 |
|
| 830 | 0 |
_aBiblioteca de estudios tradicionales _9182128 |
|
| 852 |
_aES-MaACL _jL-4292 |
||
| 999 |
_c92521 _d92521 |
||